| 000 | 00497nam a2200157 i 4500 | ||
|---|---|---|---|
| 001 | 100414 | ||
| 003 | ES-MaACL | ||
| 005 | 20230906182654.0 | ||
| 007 | t| | ||
| 008 | 050928s1929 uy ||||1| spa d | ||
| 100 | 1 |
_aMas de Ayala, Isidro. _978630 |
|
| 245 | 1 | 0 |
_aTratamiento por el "Treponema Phispanicum" de afecciones mentales y neurológicas / _cIsidro Mas de Ayala. |
| 260 |
_aMontevideo : _b[s.n.], _c1929 ( _fImp. Artística) |
||
| 300 |
_a32 p. ; _c24 cm. |
||
| 852 |
_aES-MaACL _j1732-F-28 |
||
| 999 |
_c100414 _d100414 |
||